<?xml version="1.0" encoding="UTF-8"?>
<record
    xmlns:xsi="http://www.w3.org/2001/XMLSchema-instance"
    xsi:schemaLocation="http://www.loc.gov/MARC21/slim http://www.loc.gov/standards/marcxml/schema/MARC21slim.xsd"
    xmlns="http://www.loc.gov/MARC21/slim">

  <leader>00661nam a22001457a 4500</leader>
  <controlfield tag="008">100708t2002    cai||||gr|||| 00| 0 ara d</controlfield>
  <datafield tag="082" ind1=" " ind2=" ">
    <subfield code="2">22</subfield>
    <subfield code="a">612.803</subfield>
    <subfield code="b">&#x641; &#x649;  &#x627;  </subfield>
  </datafield>
  <datafield tag="100" ind1=" " ind2=" ">
    <subfield code="9">16112</subfield>
    <subfield code="a">&#x641;&#x64A;&#x627;&#x636; &#x60C;&#x633;&#x644;&#x64A;&#x645;&#x627;&#x646;</subfield>
  </datafield>
  <datafield tag="245" ind1=" " ind2=" ">
    <subfield code="a"> /&#x645;&#x639;&#x62C;&#x645; &#x627;&#x644;&#x625;&#x628;&#x635;&#x627;&#x631; &#x648; &#x627;&#x644;&#x645;&#x628;&#x635;&#x631;&#x627;&#x62A;</subfield>
    <subfield code="c">&#x633;&#x644;&#x64A;&#x645;&#x627;&#x646; &#x641;&#x64A;&#x627;&#x636; .</subfield>
  </datafield>
  <datafield tag="260" ind1=" " ind2=" ">
    <subfield code="a">&#x627;&#x644;&#x642;&#x627;&#x647;&#x631;&#x629;:</subfield>
    <subfield code="b">&#x627;&#x644;&#x645;&#x62C;&#x644;&#x633; &#x627;&#x644;&#x623;&#x639;&#x644;&#x649; &#x644;&#x644;&#x62B;&#x642;&#x627;&#x641;&#x629;&#x60C;</subfield>
    <subfield code="c">2002.</subfield>
  </datafield>
  <datafield tag="300" ind1=" " ind2=" ">
    <subfield code="a">354&#x61B;&#x635;</subfield>
    <subfield code="c">24&#x633;&#x645;.</subfield>
  </datafield>
  <datafield tag="650" ind1=" " ind2=" ">
    <subfield code="9">16113</subfield>
    <subfield code="a">&#x627;&#x644;&#x625;&#x628;&#x635;&#x627;&#x631; </subfield>
    <subfield code="v">&#x645;&#x639;&#x627;&#x62C;&#x645;</subfield>
  </datafield>
  <datafield tag="942" ind1=" " ind2=" ">
    <subfield code="2">ddc</subfield>
    <subfield code="c">BB</subfield>
  </datafield>
  <datafield tag="999" ind1=" " ind2=" ">
    <subfield code="c">14448</subfield>
    <subfield code="d">14448</subfield>
  </datafield>
  <datafield tag="952" ind1=" " ind2=" ">
    <subfield code="0">0</subfield>
    <subfield code="1">0</subfield>
    <subfield code="2">ddc</subfield>
    <subfield code="4">0</subfield>
    <subfield code="7">0</subfield>
    <subfield code="8">Alef-Baa</subfield>
    <subfield code="a">MAIN</subfield>
    <subfield code="b">MAIN</subfield>
    <subfield code="c">1ST</subfield>
    <subfield code="d">2010-07-08</subfield>
    <subfield code="e">purchase</subfield>
    <subfield code="o">612.803  &#x641; &#x649; &#x627; </subfield>
    <subfield code="p">000021422</subfield>
    <subfield code="r">2025-07-15 00:00:00</subfield>
    <subfield code="y">BB</subfield>
  </datafield>
</record>
